Normal view
MARC view
- Pakistan
Entry Geographic Name
001 - CONTROL NUMBER
- control field: 5189
003 - CONTROL NUMBER IDENTIFIER
- control field: NUST
005 - DATE AND TIME OF LATEST TRANSACTION
- control field: 20171004111135.0
008 - FIXED-LENGTH DATA ELEMENTS
- fixed length control field: 171004|| aca||aabn | a|a d
040 ## - CATALOGING SOURCE
- Original cataloging agency: NUST
- Transcribing agency: NUST
151 ## - HEADING--GEOGRAPHIC NAME
- Geographic name: Pakistan
- General subdivision: Politics and government
- Chronological subdivision: 1947-1971.
670 ## - SOURCE DATA FOUND
- Source citation: Work cat.: (NUST)0: 880-01 Safdar Mahmood, 1941- 5187, Pākistān kiyūn̲ ṭūṭā? /, 2010
